000 00544nam a2200193 i 4500
001 104779
003 ES-MaACL
005 20230906183702.0
007 t|
008 051212s1980 sp ||||1| spa d
100 1 _aMiras, Domingo.
_981564
245 1 0 _aDe San Pascual a San Gil /
_cDomingo Miras.
260 _aMadrid :
_bVox,
_c1980.
300 _a96 p. ;
_c18 cm.
490 1 _aLa farsa (Editorial Vox) ;
_v4
830 0 _aLa farsa (Editorial Vox) ;
_v4
_9184855
852 _aES-MaACL
_jA-10696
_bR.100103
999 _c104779
_d104779